| 000 | 00547nam a2200169 a 4500 | ||
|---|---|---|---|
| 008 | 120416s1993 xx |||||||||||||| || u | ||
| 050 | _aP 87 Wat | ||
| 100 | _aWatson, James | ||
| 245 | 1 | 2 | _aA dictionary of communication and media studies |
| 250 | _a3rd ed. | ||
| 260 | _c1993 | ||
| 350 | _a0.00 | ||
| 650 | _aCOMMUNICATION | ||
| 650 | _aMEDIA STUDIES--DICTIONARIES | ||
| 650 | _aCOMMUNICATION--DICTIONARIES | ||
| 995 |
_D0.00 _FCBU-MAIN LIBRARY (Kitwe) _H1 _I12.99 _M1 _UREFERENCE _ZReference Collection |
||
| 999 |
_c40089 _d40089 |
||